00507cam a22001574a 450008200280000010000170002824500540004525000120009926000520011130000340016349000270019752600370022465000090026170000230027085600560029300a515.9bBROcN-01, P-1451 aBrown, J . N10aComplex variables and applications /cBrown J . N a7th ed. aBoston :bMcGraw-Hill Higher Education,cc2004. axvi, 458 p. :bill. ;c25 cm.1 aBrown-Churchill series a0b0c0d515_900000000000000_BRO 0aNUST1 aChurchill, Ruel V.41uhttp://www.loc.gov/catdir/toc/mh031/2002043104.html